| 000 | 00694cab a2200241 4500 | ||
|---|---|---|---|
| 001 | WB3220-05 | ||
| 008 | 090401t1996 xxu||||| |||| 00| 0 eng d | ||
| 035 | _a(Sirsi) u8064 | ||
| 041 | _aeng | ||
| 245 | _aHumidity and sick building syndrome | ||
| 260 | _c1996 | ||
| 350 | _a0 | ||
| 490 |
_aDaily Telegraph _v22 May 1996, 35(1) |
||
| 520 | _aComputer equipment may affect humidity in the workplace and create symptoms of sick building syndrome. | ||
| 650 | _aCOMPUTERS | ||
| 650 |
_aHEALTH AND SAFETY _96244 |
||
| 650 | _aHUMIDITY | ||
| 650 | _aSICK BUILDING SYNDROME | ||
| 650 | _aWORKPLACE | ||
| 690 | _aBUILT ENVIRONMENT-BUILDING PATHOLOGY | ||
| 942 | _n0 | ||
| 948 | _c04/03/1997 | ||
| 999 |
_c4914 _d4914 |
||